00497nam a2200169Ia 4500008004100000020001800041050001400059245003600073250001900109260000900128260002000137260000900157300001400166300002500180999001900205952010300224180207s9999 xx 000 0 und d a9780721441108 bD612 1992 aDisney : beauty and the beast / aFirst edition. aUK : bLadybird Books, c1992 aunpaged : bcolor illustration ; c355044d355044 001040aSSISMbSSISMd2018-02-07l0oER D612 1992pSSISM4589r2018-02-07 00:00:00w2018-02-07yBK